Trouve tous les invités de Zen Saison 2 et 3 - Statistiques

Statistiques générales
  • Ce quiz a été pris 173 fois
  • Le résultat moyen est 22 sur 36
Statistiques - réponses
Saison Invité % Correct
2 Squeezie
94%
2 Lena Situations
83%
2 Djilsi
81%
2 Theodort
78%
3 Theodort
78%
3 Maghla
74%
2 Mcfly et Carlito
74%
2 Mister V
74%
2 Joyca
70%
2 Billy
67%
2 Seb
67%
3 Fabrice Éboué
66%
2 Inoxtag
66%
2 Kev Adams
66%
3 Mastu
66%
3 Natoo
66%
2 Bigflo
64%
3 Gotaga
63%
2 Cyprien
62%
3 Vald
61%
3 Soso Maness
60%
3 Malik Bentalha
58%
2 Terracid
58%
3 Doigby
56%
3 Kerchak
54%
3 Tibo Inshape
54%
2 Kameto
51%
3 Domingo
50%
2 Feldup
48%
2 Freddy Gladieux
48%
3 Samuel Etienne
47%
3 Ahmed Sylla
46%
3 Hugo Décrypte
39%
2 Maskey
38%
3 Jérôme Niel
35%
2 Kronomuzik
35%
Aucun quiz correspondant
Distribution des résultats
% des personnes avec chaque résultat
Percentile par nombre de réponses
Votre historique - résultats
Vous n’avez pas pris ce quiz